Ultimate Better Call Saul Quiz - Real Fans Only - Statistics

General Stats
  • This quiz has been taken 168 times
  • The average score is 12 of 50
Answer Stats
Hint Answer % Correct
In Spanish, what is Saul Goodman's job? Abogado
71%
Who does Saul look like, according to him and multiple women? Kevin Costner
62%
What is the colour of the wacky wavy inflatable tube guy's suit? Red
62%
Which animals are shown eating Saul's fallen ice cream? Ants
61%
What food does Lalo cook when he is first introduced? Tacos
54%
What object did Jimmy slip on in the music store? Drumstick
53%
And the colour of his shirt? Green
53%
What type of sandwich does Mike have in Season 1? Pimento
52%
What is the name of Gus' boyfriend? Max Arciniega
41%
Who owns the nail salon? Mrs. Nguyen
40%
What is her best quote? "Cucumber water for customer only"
38%
Which president is on the coin in Jimmy and Marco's scam? John F. Kennedy
37%
Where did Francesca work before being hired by Jimmy and Kim? DMV
35%
What is the name of the expensive tequila that is seen multiple times in the show? Zafiro Anejo
34%
What instrument is Kim holding in that same flashback? Cello
30%
What is the name of Chuck's self diagnosed condition? Electromagnetic Hypersensitivity
28%
What is the name of Ignacio's father? Manuel Varga
27%
What is the name of the song that Jimmy sings to Kim in Season 2 (is also the name of that episode) Bali Ha'i
26%
Which of Chuck's newspapers is the hardest for Jimmy to find? Financial Times
26%
What is the colour of Howard Hamlin's shirt? Hamlindigo Blue
26%
What song does Jimmy hum at the end of Season 1 Smoke on the Water
24%
What is the name of the town where Huell Babineaux was born? Coushatta
23%
What song does he try to learn on the guitar? Smoke on the Water
23%
What is the name of the mobile phone store that Jimmy works at? CC Mobile
21%
Where is Lalo's home in Mexico located? Chihuahua
21%
What is the name of the stock broker that appears in Better Call Saul and Breaking Bad Ken
21%
Who is the head of the fast food division of Madrigal Electromotive GmbH? Peter Schuler
21%
What university does he go to? University of New Mexico
20%
What is the last name of the actors that play the twins? Moncada
19%
Who made this song? Deep Purple
18%
Which band played the Better Call Saul theme? Little Barrie
17%
What is the name of the German engineer that Lalo visits in Germany? Casper
14%
What is written on the air freshener that Kim is seen holding but also appears in Jeff's car? Albuquerque Isotopes
13%
What guitar did he get from the music store? Blackmore Fender Stratocaster
13%
What is the name of Jeff's best friend in Omaha? Buddy
12%
Which ice cream brand and flavour does Saul try to negotiate to get every day in prison? Blue Bell Mint Chocolate Chip
9%
What is the name of Jimmy's personal camera guy? Marshall Dixon
9%
What is the name of the frozen-goods shipping company shown on the side of a truck entering the United States from Mexico? Regalo Helado
9%
What is the fifth track on the 1972 album 'Machine Head'? Smoke on the Water
9%
What is the name of Kim's boyfriend in Florida? Glen
8%
What is the name of the doctor that Chuck has recovery sessions with? Lara Cruz
8%
What is the name of the nail salon? Day Spa and Nail
7%
What is the name of the secretary at HHM? Julie
7%
What is the name of Steven Ogg's character in the show? Sobchak
7%
What is the name of this music store? ABQ in Tune
5%
What is the name of the mall where Gene works? Cottonwood Mall
5%
What is the name of Ignacio's fathers upholstery shop? A-Z Fine Upholstery
4%
What is the name of company that Kim works for while living in Florida? Palm Coast Sprinklers
4%
Shown in a flashback where does Kim Wexler go to school? Red Cloud Junior High School
4%
What is the name of the Mexican-style ice cream shop used as a front by the Salamancas El Griego Guinador
2%
No matching quizzes found
Score Distribution
Percent of People with Each Score
Percentile by Number Answered
Your Score History
You have not taken this quiz